LEADER 01755nam a2200373 a 4500 001 000000135464 003 CaOOAMICUS 005 20130926120356.0 008 130926r20121942it af 000 u ita r 020 $a978-88-6372-410-3 040 $aPUL$bita 041 1 $aita$alat$hlat 082 04$a195 100 1 $aGarin, Eugenio,$d1909-2004.$0(OLS)http://pul/name/8722 245 10$aFilosofi italiani del Quattrocento /$cEugenio Garin ; introduzione di Elisabetta Scapparone. 250 $aEd. anastatica. 260 $aRoma :$bEdizioni di Storia e Letteratura,$c2012$aFirenze :$bIstituto Nazionale di Studi sul Rinascimento 300 $aXXVII, 552 p., [8] c. di tav. :$bill. ;$c25 cm 490 1 $aTemi e testi. Testi filosofici ;$v95 500 $aRiproduzione dell'edizione: Firenze : Le Monnier, 1942. 504 $aBibliografia in nota. 546 $aTesto latino a fronte. 650 4$aFilosofia italiana$yRinascimento.$0(OLS)http://pul/subject/10151 700 1 $aScapparone, Elisabetta.$0(OLS)http://pul/name/53025 830 0$aTemi e testi (Edizioni di storia e letteratura).$pTesti filosofici ;$v95.$0(OLS)http://pul/title/144128 850 $aPUL 852 $aPUL$W1$xSL Filosofia 3$y81$m195 GAREU 3$j156210$qDDC 21$B155576$CPULBib$Z2$F155576 $H122870 $82 941 1 $a9 996 $6020$a978-88-6372-410-3$9(OLS)http://pul/number/153552 996 $6082$a195$9(OLS)http://pul/classification/342 996 $6245$aFilosofi italiani del Quattrocento$9(OLS)http://pul/title/171289 996 $6260$aRoma :$bEdizioni di Storia e Letteratura$9(OLS)http://pul/publisher/48123 996 $6260$aFirenze :$bIstituto Nazionale di Studi sul Rinascimento$9(OLS)http://pul/publisher/55795 LEADER 01198nam a2200289 a 4500 001 000000140570 003 CaOOAMICUS 005 20141119110428.0 008 141119s1950 it u000 u ita r 040 $aPUL$bita 041 1 $aita$hfre 100 1 $aBloch, Marc Léopold Benjamin,$d1886-1944.$0(OLS)http://pul/name/39982 240 10$aApologie pour l'histoire, ou Métier d'historien.$lItaliano.$0(OLS)http://pul/title/177911 245 10$aApologia della storia /$cMarc Bloch ; presentazione di Lucien Febvre. 260 $aTorino :$bEinaudi,$c1950. 300 $a178 p. ;$c22 cm 490 1 $aSaggi ;$v137 650 4$aStoria$xStudi.$0(OLS)http://pul/subject/5970 700 1 $aFebvre, Lucien Paul Victor,$d1878-1956.$0(OLS)http://pul/name/43458 830 0$aSaggi (Einaudi) ;$v137.$0(OLS)http://pul/title/9841 850 $aPUL 852 $aPUL$W1$xDP1 Fondo Capitani$y116$m1 B 16.137$j162373$qFondi$B161894$CPULBib$Z2$F161894 $HCap1205 $82 941 1 $a1 961 $aNota ms. di possesso: Capitani. 996 $6245$aApologia della storia$9(OLS)http://pul/title/177912 996 $6260$aTorino :$bEinaudi$9(OLS)http://pul/publisher/48130